Indovina il cartone animato dall'emoji - Statistics

Statistiche generali
  • Questo quiz è stato fatto 539 volte
  • Il punteggio medio è 13 su 16
Statistiche sulle risposte
Cartone % Corretto
🔎🐠🤡 Alla ricerca di Nemo
97%
🐱👢🗡️ Il gatto con gli stivali
97%
🦁👑🐃 Il re leone
96%
🐼🥋🏮 Kung fu Panda
96%
🐀👨‍🍳🍲 Ratatouille
95%
🚗🚓🏆 Cars
93%
👴🏠🎈 Up
92%
🪔🧞‍♂️🐒 Aladino
90%
🦣🦥❄️ L'era glaciale
82%
🦁🦓🇲🇬 Madagascar
81%
👨‍🔬🌧️🍔 Piovono polpette
69%
🧍‍♀️🐟🌊 La Sirenetta
64%
🌳🏃‍♂️🦍 Tarzan
61%
👸7️⃣👦 Biancaneve
60%
🐘🦅🪶 Dumbo
53%
🟡🥽😈 Minions
34%
Nessun quiz corrispondente trovato
Distribuzione punteggi
Percentuale di utenti per punteggio
Percentile per numero di risposta
I tuoi punteggi nel tempo
Non hai fatto questo quiz